Statistieken voor Hoofdsteden van Noord-Amerika

Klik hier om de quiz te nemen!

Algemene statistieken

  • Deze quiz is 2.204 keer genomen
  • De gemiddelde score is 14 van 23

Antwoordstatistieken

LandHoofdstad% Correct
Verenigde StatenWashington D.C.
97%
MexicoMexico-Stad
96%
CanadaOttawa
85%
CubaHavana
83%
PanamaPanama-Stad
82%
JamaicaKingston
74%
St. Vincent en de GrenadinesKingstown
74%
GuatemalaGuatemala-Stad
71%
El SalvadorSan Salvador
68%
HaïtiPort-au-Prince
63%
Costa RicaSan José
59%
Bahama'sNassau
58%
Dominicaanse RepubliekSanto Domingo
56%
NicaraguaManagua
53%
Trinidad en TobagoPort of Spain
52%
BelizeBelmopan
51%
Antigua en BarbudaSaint John's
47%
HondurasTegucigalpa
47%
BarbadosBridgetown
45%
GrenadaSaint George's
45%
DominicaRoseau
42%
St. Kitts en NevisBasseterre
40%
St. LuciaCastries
40%

Scoreverdeling

Percentiel versus Aantal Correcte Antwoorden

Procent van Mensen met Elke Score

Uw Scoregeschiedenis

U heeft deze quiz nog niet genomen